Bridging East-West psychology and counselling (Record no. 482693)

MARC details
000 -LEADER
fixed length control field 01938cam a2200421 a 4500
001 - CONTROL NUMBER
control field EDZ0000158966
003 - CONTROL NUMBER IDENTIFIER
control field StDuBDS
005 - DATE AND TIME OF LATEST TRANSACTION
control field 20161031105241.0
006 - FIXED-LENGTH DATA ELEMENTS--ADDITIONAL MATERIAL CHARACTERISTICS--GENERAL INFORMATION
fixed length control field m||||||||d||||||||
007 - PHYSICAL DESCRIPTION FIXED FIELD--GENERAL INFORMATION
fixed length control field cr |||||||||||
008 - FIXED-LENGTH DATA ELEMENTS--GENERAL INFORMATION
fixed length control field 130918s2010 ii fo| 001|0|eng|d
020 ## - INTERNATIONAL STANDARD BOOK NUMBER
International Standard Book Number 9788132112907 (ebook) :
Terms of availability No price
040 ## - CATALOGING SOURCE
Original cataloging agency StDuBDS
Language of cataloging eng
Transcribing agency StDuBDS
Description conventions pn
049 ## - LOCAL HOLDINGS (OCLC)
Holding library Alfaisal Main Library
050 #0 - LIBRARY OF CONGRESS CALL NUMBER
Classification number RC455.4.E8
Item number B75 2010
082 04 - DEWEY DECIMAL CLASSIFICATION NUMBER
Classification number 616.8914
Edition number 23
245 00 - TITLE STATEMENT
Title Bridging East-West psychology and counselling
Medium [electronic resource] :
Remainder of title exploring the work of Pittu Laungani /
Statement of responsibility, etc edited by Roy Moodley, Aanchal Rai, Waseem Alladin.
260 ## - PUBLICATION, DISTRIBUTION, ETC. (IMPRINT)
Place of publication, distribution, etc New Delhi ;
-- Thousand Oaks, [Calif.] :
Name of publisher, distributor, etc SAGE,
Date of publication, distribution, etc 2010.
300 ## - PHYSICAL DESCRIPTION
Extent 1 online resource (xxii, 324 p.)
504 ## - BIBLIOGRAPHY, ETC. NOTE
Bibliography, etc Includes bibliographical references and index.
520 8# - SUMMARY, ETC.
Summary, etc This edited volume in honour of Dr Pittu Laungani, one of the leading cross-cultural psychologists of the West, brings together renowned names in the field of psychology who critique Dr Laungani's contribution from various angles. It explores the nature of cross-cultural psychology, counselling and psychotherapy, specifically attempting to build bridges between Indian philosophy and the Western approaches and methods.
521 ## - TARGET AUDIENCE NOTE
Target audience note Specialized.
588 ## -
-- Description based on print version record.
650 #0 - SUBJECT ADDED ENTRY--TOPICAL TERM
Topical term or geographic name as entry element Psychotherapy
Form subdivision Cross-cultural studies.
650 #0 - SUBJECT ADDED ENTRY--TOPICAL TERM
Topical term or geographic name as entry element Cross-cultural counseling.
650 #0 - SUBJECT ADDED ENTRY--TOPICAL TERM
Topical term or geographic name as entry element Psychiatry, Transcultural.
650 #0 - SUBJECT ADDED ENTRY--TOPICAL TERM
Topical term or geographic name as entry element Ethnopsychology.
600 10 - SUBJECT ADDED ENTRY--PERSONAL NAME
Personal name Laungani, Pittu.
655 #7 - INDEX TERM--GENRE/FORM
Genre/form data or focus term Electronic books.
Source of term local
700 1# - ADDED ENTRY--PERSONAL NAME
Personal name Laungani, Pittu.
700 1# - ADDED ENTRY--PERSONAL NAME
Personal name Moodley, Roy.
700 1# - ADDED ENTRY--PERSONAL NAME
Personal name Rai, Aanchal,
Dates associated with a name 1982-
700 1# - ADDED ENTRY--PERSONAL NAME
Personal name Alladin, Waseem.
710 2# - ADDED ENTRY--CORPORATE NAME
Corporate name or jurisdiction name as entry element Sage eBooks
776 08 - ADDITIONAL PHYSICAL FORM ENTRY
Display text Print version :
International Standard Book Number 9788132104452
856 40 - ELECTRONIC LOCATION AND ACCESS
Uniform Resource Identifier <a href="http://ezproxy.alfaisal.edu/login?url=http://sk.sagepub.com/books/bridging-east-west-psychology-and-counselling">http://ezproxy.alfaisal.edu/login?url=http://sk.sagepub.com/books/bridging-east-west-psychology-and-counselling</a>
942 ## - ADDED ENTRY ELEMENTS (KOHA)
Source of classification or shelving scheme Library of Congress Classification
Koha item type eBooks

No items available.

Copyright © 2020 Alfaisal University Library. All Rights Reserved.
Tel: +966 11 2158948 Fax: +966 11 2157910 Email:
librarian@alfaisal.edu